Ancient Maya : (Record no. 4960)

MARC details
000 -LEADER
fixed length control field 01037nam a22002777a 4500
001 - CONTROL NUMBER
control field 4960
003 - CONTROL NUMBER IDENTIFIER
control field FISKH
005 - DATE AND TIME OF LATEST TRANSACTION
control field 20241028152436.0
008 - FIXED-LENGTH DATA ELEMENTS--GENERAL INFORMATION
fixed length control field 241028b cb ||||| |||| 00| 0 eng d
020 ## - INTERNATIONAL STANDARD BOOK NUMBER
International Standard Book Number 9780531259818
040 ## - CATALOGING SOURCE
Original cataloging agency FISKH
Language of cataloging eng
Transcribing agency FISKH
Modifying agency FISKH
050 ## - LIBRARY OF CONGRESS CALL NUMBER
Classification number F1435.S67
082 ## - DEWEY DECIMAL CLASSIFICATION NUMBER
Classification number 972.6
100 ## - MAIN ENTRY--PERSONAL NAME
Personal name Somervill, Barbara A.
245 ## - TITLE STATEMENT
Title Ancient Maya :
Remainder of title The Ancient World /
Statement of responsibility, etc. by Barbara A. Somervill
260 ## - PUBLICATION, DISTRIBUTION, ETC.
Place of publication, distribution, etc. New York :
Name of publisher, distributor, etc. Children's Press ;
Date of publication, distribution, etc. 2013.
300 ## - PHYSICAL DESCRIPTION
Extent 112 pages :
Other physical details color illustrations , maps ;
Dimensions 24 cm .
490 ## - SERIES STATEMENT
Series statement The Ancient World
505 ## - FORMATTED CONTENTS NOTE
Formatted contents note Z <br/>
520 ## - SUMMARY, ETC.
Summary, etc. Take a journey back in time to witness the development of history's greatest civilizations! Engaging text and eye-catching images teach you about history, culture, and daily life of each civilization and show you how each civilization continues to affect our world today!
521 8# - TARGET AUDIENCE NOTE
Target audience note 1040 <br/>
Source Lexile <br/>
521 8# - TARGET AUDIENCE NOTE
Target audience note Z <br/>
Source Raz-Plus <br/>
650 ## - SUBJECT ADDED ENTRY--TOPICAL TERM
Topical term or geographic name entry element Mayas
Form subdivision Juvenile Literature
942 ## - ADDED ENTRY ELEMENTS (KOHA)
Source of classification or shelving scheme Dewey Decimal Classification
Koha item type Books
Suppress in OPAC No
Holdings
Withdrawn status Lost status Source of classification or shelving scheme Damaged status Not for loan Collection Home library Current library Shelving location Date acquired Total Checkouts Full call number Barcode Date last seen Price effective from Koha item type
    Dewey Decimal Classification     Non-Fiction Footprints International School Library Network Toul Kork Campus Footprints International School Library Network Toul Kork Campus TTP Secondary Non-Fiction Bookshelves 10/28/2024   SOM 972.6 F1435.S67 FISSE00690 10/28/2024 10/28/2024 Books